000 01150nam0a2200313 4500
001 RU\NLR\bibl\152871
005 20260405134845.0
010 _a5-85875-059-1
_910000
021 _aRU
_b2000-42855
_91982
035 _a(NLR Aleph) 000149873
090 _a859900
_c859900
100 _a20010504d2000 |||y0rusy50 ca
101 0 _arus
102 _aRU
105 _aa |||||||||
200 1 _aОбраз Креста
_eИстория и символика православ. нагруд. крестов
_fЮ. Федоров
210 _aСПб.
_cБ.и.
_d2000
215 _a109 с., [6] л. цв. ил.
_cил.
_d21
300 _aНа обл. авт. не указан
320 _aБиблиогр.: с. 96 (15 назв.)
606 0 _aКресты нагрудные православные
_92204205
_3RU\NLR\auth\661324381
686 _aЭ372.24-56
700 1 _4070
_8rus
_7ca
_aФедоров
_bЮ. А.
_cювелир
_gЮрий Анатольевич
_3RU\NLR\auth\7755328
_938260
801 0 _aRU
_bNLR
_c20010504
_gPSBO
801 1 _aRU
_bNLR
_c20010504
942 _cBOOK
980 _aNB